25 plus grandes villes d'Italie - Statistiques

Statistiques générales
  • Ce quiz a été pris 131 fois
  • Le résultat moyen est 13 sur 25
Statistiques - réponses
Hint Réponse % Correct
2 746 984 Rome
100%
1 366 155 Milan
98%
908 082 Naples
98%
856 745 Turin
98%
250 369 Venise
92%
360 930 Florence
91%
630 167 Palerme
81%
558 745 Gênes
79%
387 971 Bologne
77%
255 588 Vérone
69%
315 270 Bari
64%
196 764 Parme
59%
297 200 Catane
55%
198 417 Trieste
42%
196 446 Brescia
36%
218 786 Messine
32%
185 180 Modène
28%
206 496 Padoue
26%
185 865 Tarente
21%
152 914 Livourne
18%
155 751 Ravenne
16%
162 700 Pérouse
14%
170 951 Reggio de Calabre
14%
198 751 Prato
12%
169 545 Reggio d'Émilie
5%
Aucun quiz correspondant
Distribution des résultats
% des personnes avec chaque résultat
Percentile par nombre de réponses
Votre historique - résultats
Vous n’avez pas pris ce quiz